01199nam a2200229Ia 4500003000900000005001700009008004100026040001300067040001300080041000800093100002500101245009800126250001200224260006200236300002000298500020000318520022200518942001200740999001700752952010000769952010000869IT-RoPAU20220918175719.0120407s9999 xx 000 0 und d aIT-RoPAU cIT-RoPAU aita aMarave, Lydia G.959 aIndici delle prediche alle Suore Pastorelle di don Giacomo Alberioneb(voll. I-IX: 1938-1969) a1° ed. aRomabCasa Generalizia-Suore di Gesù buon Pastorec1982 a158 p.c16,5 cm aIndici delle citazioni bibliche, dei nomi, dei concetti, della cronologia e dei titoli di "Alla sorgente" e delle "Prediche alle suore Pastorelle di don Giacomo Alberione", voll. I-IX: 1938-1969. aINDICE INTRODUZIONE; PARTE PRIMA: Bibliografia descrittiva e analitica dei libri; PARTE SECONDA: I.Indice delle citazioni bibliche; II.Indice dei nomi; III.Indice analitico; IV.Indice cronologico; V.Indice dei titoli. cBK2ddc c26460d26460 00102ddc406P_A571aPAULUSbPAULUSd2012-12-13l0oP A5r2012-12-13 00:00:00w2012-12-13yBK 00102ddc406P_E171aPAULUSbPAULUSd2012-12-13l0oP E1r2012-12-13 00:00:00w2012-12-13yBK